International journal of system assurance engineering and management (Record no. 88380)

MARC details
000 -LEADER
fixed length control field 01256nas a22002537a 4500
005 - DATE AND TIME OF LATEST TRANSACTION
control field 20140905170919.0
006 - FIXED-LENGTH DATA ELEMENTS--ADDITIONAL MATERIAL CHARACTERISTICS--GENERAL INFORMATION
fixed length control field a|||||r|||| 00| 0
007 - PHYSICAL DESCRIPTION FIXED FIELD--GENERAL INFORMATION
fixed length control field ta
008 - FIXED-LENGTH DATA ELEMENTS--GENERAL INFORMATION
fixed length control field 140905b xxu||||| |||| 00| 0 eng d
022 ## - INTERNATIONAL STANDARD SERIAL NUMBER
International Standard Serial Number 0975-6809
022 ## - INTERNATIONAL STANDARD SERIAL NUMBER
International Standard Serial Number 0976-4348 (Electonic)
245 ## - TITLE STATEMENT
Title International journal of system assurance engineering and management
Statement of responsibility, etc Official publication of the Society for Reliability Engineering, Quality and Operations Management (SREQOM), India and the Division of Operation and Maintenance, Lulea University of Technology, Sweden
260 ## - PUBLICATION, DISTRIBUTION, ETC. (IMPRINT)
Name of publisher, distributor, etc Society for Reliability Engineering, Quality and Operations Management (SREQOM)
Date of publication, distribution, etc 2014-
Place of publication, distribution, etc New Delhi
260 ## - PUBLICATION, DISTRIBUTION, ETC. (IMPRINT)
Name of publisher, distributor, etc Division of Operation and Maintenance, Lulea University of Technology, Sweden
260 ## - PUBLICATION, DISTRIBUTION, ETC. (IMPRINT)
Place of publication, distribution, etc New Delhi
Name of publisher, distributor, etc Spinger India
300 ## - PHYSICAL DESCRIPTION
Extent v.
Dimensions 24 cm (Pbk)
310 ## - CURRENT PUBLICATION FREQUENCY
Current publication frequency Quarterly
362 ## - DATES OF PUBLICATION AND/OR SEQUENTIAL DESIGNATION
Dates of publication and/or sequential designation vol 5 No 1 Jan- March 2014
500 ## - GENERAL NOTE
General note Official publication of the Society for Reliability Engineering, Quality and Operations Management (SREQOM), India and the Division of Operation and Maintenance, Lulea University of Technology, Sweden
650 ## - SUBJECT ADDED ENTRY--TOPICAL TERM
Topical term or geographic name as entry element System Assurance engineering
650 ## - SUBJECT ADDED ENTRY--TOPICAL TERM
Topical term or geographic name as entry element System Assurance Management
856 ## - ELECTRONIC LOCATION AND ACCESS
Uniform Resource Identifier <a href="www.springer.com/13198">www.springer.com/13198</a>
942 ## - ADDED ENTRY ELEMENTS (KOHA)
Source of classification or shelving scheme Dewey Decimal Classification
Item type Periodicals
Serial record 1
Holdings
Withdrawn status Lost status Source of classification or shelving scheme Damaged status Not for loan Collection code Home library Current library Date acquired Total Checkouts Date last seen Price effective from Koha item type
    Dewey Decimal Classification   Not For Loan Non-fiction D.B.Act.Division D.B.Act.Division 05/09/2014   05/09/2014 05/09/2014 Periodicals

© Delhi Public Library
Hit Counter
free hit counter